Quiz Musique (#groupes de Rock) - Statistiques

Statistiques générales
  • Ce quiz a été pris 9 313 fois
  • Le résultat moyen est 38 sur 75
Statistiques - réponses
Titres Principaux Nationalité Groupe/Artiste % Correct
Back In Black - Highway to Hell Australie - Royaume-Uni AC/DC
98%
Smells Like Teen Spirit - Come As You Are Etats-Unis Nirvana
89%
Bohemian Rhapsody - We Will Rock You Royaume-Uni Queen
89%
Dream On - Walk This Way Etats-Unis Aerosmith
79%
Wonderwall - Don't Look Back In Anger Royaume-Uni Oasis
78%
I'm Still Standing - Rocketman Royaume-Uni Elton John
77%
Let It Be - Day Tripper Royaume-Uni The Beatles
76%
Hotel Californie - Take It Easy Etats-Unis Eagles
74%
Master Of Puppets - Enter Sandman Etats-Unis Metallica
74%
Paint It, Black - (I Can't Get No) Satisfaction Royaume-Uni The Rolling Stones
74%
Creep - Paranoid Android Royaume-Uni Radiohead
73%
Californication - Under the Bridge Etats-Unis Red Hot Chili Peppers
72%
Every Breath You Take - Roxanne Royaume-Uni The Police
72%
Sunday Bloody Sunday - With Or Without You Irlande U2
71%
Comfortably Numb - Another Brick In The Wall Royaume-Uni Pink Floyd
70%
I Was Made For Lovin' You - Rock And Roll All Night Etats-Unis KISS
69%
The Final Countdown - Carrie Suède Europe
68%
Stairway to Heaven - Whole Lotta Love Royaume-Uni Led Zeppelin
67%
Wind Of Change - Still Loving You Allemagne Scorpions
67%
Boulevard of Broken Dreams - American Idiot Etats-Unis Green Day
66%
In the End - Numb Etats-Unis Linkin Park
66%
Sweet Child O' Mine - Paradise City Etats-Unis Guns N' Roses
65%
Jailhouse Rock - Can't Help Falling In Love Etats-Unis Elvis Presley
63%
Livin' On A Prayer - It's My Life Etats-Unis Bon Jovi
62%
Where Is My Mind? - Here Comes Your Man Etats-Unis Pixies
62%
Zombie - Ode To My Family Irlande The Cranberries
62%
Do I Wanna Know? - 505 Royaume-Uni Arctic Monkeys
59%
Losing My Religion - Shiny Happy People Etats-Unis R.E.M.
59%
Sultans Of Swing - Money For Nothing Royaume-Uni Dire Straits
58%
Hysteria - Uprising Royaume-Uni Muse
58%
Should I Stay or Should I Go - London Calling Royaume-Uni The Clash
58%
Song 2 - Girls & Boys Royaume-Uni Blur
57%
Paranoid - Iron Man Royaume-Uni Black Sabbath
56%
Smoke On The Water - Slodier of Fortune Royaume-Uni Deep Purple
56%
Call Me - Heart Of Glass Etats-Unis Blondie
55%
Starman - Rebel Rebel Royaume-Uni David Bowie
55%
Personal Jesus - Enjoy the Silence Royaume-Uni Depeche Mode
55%
Du hast - Deutschland Allemagne Rammstein
55%
Boys Don't Cry - Friday I'm In Love Royaume-Uni The Cure
55%
Born in the U.S.A. Etats-Unis Bruce Springsteen
54%
Hurricane - Knockin' On Heaven's Door Etats-Unis Bob Dylan
53%
House of the Rising Sun - Don't Let Me Be Missunderstood Etats-Unis The Animals
48%
Seven Nation Army - The Hardest Button to Button Etats-Unis The White Stripes
48%
Riders on the Storm - Light My Fire Etats-Unis The Doors
47%
I Get Around - Surfin' U.S.A. Etats-Unis The Beach Boys
46%
La Grange - Sharp Dressed Man Etats-Unis ZZ Top
46%
Chop Suey! - Toxicity Arménie - Etats-Unis System of a Down
45%
Fear of the Dark - The Trooper Royaume-Uni Iron Maiden
44%
Sweet Home Alabama - Free Bird Etats-Unis Lynyrd Skynyrd
43%
Eye of the Tiger - Burning Heart Etats-Unis Survivor
41%
You Can Never Tell - Johnny Be Goode Etats-Unis Chuck Berry
40%
Breakfast In America - The Logicial Song Royaume-Uni Supertramp
40%
Hey Joe - All Along the Watchtower Etats-Unis Jimi Hendrix
39%
The Kids Aren't Alright - Come Out and Play Etats-Unis The Offspring
39%
I Love Rock 'N Roll - I Hate Myself For Loving You Etats-Unis Joan Jett
37%
My Generation - Baba O'Riley Royaume-Uni The Who
36%
Lust For Life - The Passenger Etats-Unis Iggy Pop
35%
Ain't Talking 'Bout Love - Jump Etats-Unis Van Halen
34%
Crazy Train - Straight to Hell Royaume-Uni Ozzy Osbourne
33%
I Shot The Sheriff - Tears in Heaven Royaume-Uni Eric Clapton
30%
Hallelujah - Grace Etats-Unis Jeff Buckley
30%
The Chain - Big Love Royaume-Uni Fleetwood Mac
29%
Ace Of Spades - Killed by Death Royaume-Uni Motorhead
27%
Hurt - I Walk the Line Etats-Unis Johnny Cash
26%
Mr. Brightside - Somebody Told Me Etats-Unis The Killers
26%
Fortunate Son - Have You Ever Seen The Rain Etats-Unis Creedence Clearwater Revival
25%
You Really Got Me - All Day And All Of The Night Royaume-Uni The Kinks
25%
That's All - I Can't Dance Royaume-Uni Genesis
24%
My Sweet Lord - Got My Mind Set On You Royaume-Uni George Harrison
24%
Sunshine Of Your Love - White Room Royaume-Uni Cream
22%
The Bitter End - Every You Every Me Royaume-Uni Placebo
20%
Original Sin - Need You Tonight Australie INXS
18%
This Charming Man - Bigmouth Strikes Again Royaume-Uni The Smiths
18%
Sex on Fire - Use Somebody Etats-Unis Kings of Leon
16%
Kozmic Blues - Cry Baby Etats-Unis Janis Joplin
14%
Aucun quiz correspondant
Distribution des résultats
% des personnes avec chaque résultat
Percentile par nombre de réponses
Votre historique - résultats
Vous n’avez pas pris ce quiz